| 000 | 00342nam a2200133Ia 4500 | ||
|---|---|---|---|
| 005 | 20260328104253.0 | ||
| 008 | 260328s9999||||xx |||||||||||||| ||und|| | ||
| 100 | _aBielefeld, Bert | ||
| 245 | 0 |
_aBasics Architectural Design / _cBert Bielefeld |
|
| 260 | _bBirkhäuser | ||
| 300 | _a325 p. | ||
| 650 | _aARQUITECTURA - ELEMENTOS | ||
| 942 | _cBK | ||
| 999 |
_c10343 _d10343 |
||